Responses for show #3164 - Thursday, May 7, 1998

1998 College Championship quarterfinal game 4.
From Zellerbach Auditorium at the University of California-Berkeley.

Contestants

[<< previous game]

Katy Sprinkel, a junior at DePauw University from Larkspur, Colorado

Andrew Hutchings, a senior at Harvey Mudd College from Tucson, Arizona

Chanel Lee, a junior at the University of Virginia from Bronx, New York

[next game >>]

Jeopardy! Round responses

ENGLISH LITERATURE
URBAN MYTHS
COMPUTER CHARACTERS
RIVERS
"N" THE DICTIONARY
BEASTLY EXPRESSIONS
    $100 1
Gulliver

Chanel
    $100 4
alligators

Katy
    $100 8
Mario

Chanel
    $100 30
Niagara

Katy
    $100 17
ninepin

Andrew
    $100 28
play

Andrew
    $200 2
Treasure Island

Andrew
    $200 7
Paul McCartney

Katy
    $200 9
Lara Croft

Chanel
    $200 29
Scotland

Andrew
    $200 22
nosh

Chanel
    $200 24
like a bat out of Hell

Katy
    $300 3
Jane Austen

Andrew
    $300 10
a kidney

Andrew
    $300 13
Mr. Potato Head

Chanel
    $300 27
Charles

Chanel
    $300 21
Nome

Chanel
    $300 23
rats

Andrew
    $400 5
Kim

Triple Stumper
    $400 11
a hook

Chanel
    $400 14
ReBoot

Chanel
    $1,200 26
(Andrew: What is the Snake River?)

Missouri

Andrew
    $400 19
nugget

Chanel
    $400 18
as snug as a bug in a rug

Chanel
    $500 6
Brave New World

Chanel
    $500 12
Fred Grandy

Triple Stumper
    $500 15
The Neverhood or Skullmonkeys

Triple Stumper
    $500 25
Jordan

Andrew
    $500 16
a nurse shark

Andrew
    $500 20
a spring chicken

Katy

Scores at the first commercial break (after clue 15):

Chanel Andrew Katy
$2,000 $800 $300

Scores at the end of the Jeopardy! Round:

Chanel Andrew Katy
$3,600 $1,300 $1,100

Double Jeopardy! Round responses

ALL ABOUT CALCULUS
WHEN YOU WERE IN DIAPERS
HI, I "Q"
TIME
LIFE
WARNER
    $200 1
Rene Descartes

Andrew
    $200 12
Three Mile Island

Katy
    $200 7
quill

Andrew
    $200 6
February

Chanel
    $200 13
cloning

Chanel
    $200 30
ER

Chanel
    $400 2
17th century

Andrew
    $400 14
Arthur C. Clarke

Andrew
    $400 8
quick

Andrew
    $400 22
(Andrew: What is New Year's Day?)

Martin Luther King, Jr. Day

Andrew
Triple Stumper
    $400 18
Homo sapiens

Andrew
    $400 29
Rosie O'Donnell

Chanel
    $600 3
The Pirates of Penzance

Andrew
    $600 15
"My Sharona"

Andrew
    $600 9
Quake

Andrew
    $600 23
3,600

Katy
    $600 19
bacteria

Katy
    $600 28
Sphere

Chanel
    $800 4
Sir Isaac Newton

Andrew
    $800 16
Lech Walesa

Andrew
    $800 10
quadrilaterals

Katy
    $800 24
the two-minute warning

Katy
    $1,500 20
DNA

Katy
    $800 26
The Fugitive

Chanel
    $1000 5
(Katy: Who is Czar Nicholas?)

Peter the Great

AndrewKaty
    $1000 17
John McEnroe

Andrew
    $1000 11
quirk

Chanel
    $1,600 25
(Katy: [No response])

daylight saving time

Katy
    $1000 21
(Chanel: What is gestation?)
(Andrew: What is estous?)

estrous

ChanelAndrew
Triple Stumper
    $1000 27
(Chanel: Who is Michael Bolton?)

Rod Stewart

Chanel
Triple Stumper

Scores at the end of the Double Jeopardy! Round:

Chanel Andrew Katy
$5,000 $7,300 $3,000

Final Jeopardy! Round responses

SPORTS TEAMS
KatyWhat is Cardinals?
$3,000
ChanelWhat is Giants?
$3,000
AndrewWhat are Giants?
$2,701
Cardinals (St. Louis [baseball] & Arizona [football]) or Giants (San Francisco [baseball] & New York [football])

Final scores:

Chanel Andrew Katy
$8,000 $10,001 $6,000
2nd place: $2,500 if eliminated Automatic semifinalist 3rd place: $2,500 if eliminated

Game dynamics:

Coryat scores:

Chanel Andrew Katy
$5,000 $8,500 $3,900
19 R,
2 W
22 R,
3 W
(including 1 DD)
11 R
(including 1 DD),
2 W
(including 1 DD)

Combined Coryat: $17,400

The J! Archive is created by fans, for fans. The Jeopardy! game show and all elements thereof, including but not limited to copyright and trademark thereto, are the property of Jeopardy Productions, Inc. and are protected under law. This website is not affiliated with, sponsored by, or operated by Jeopardy Productions, Inc. Join the discussion at JBoard.tv.